LEADER 00893nam a2200241 i 4500 001 000000039400 003 CaOOAMICUS 005 20100127000000.0 008 100127s1968 xxk u000 u eng u 013 $a10135 040 $aSeMil$bita 100 1 $aShort, Robert L.$0(OLS)http://semarc/name/19100 245 14$aThe parables of Peanuts /$cRobert Short. 260 $aLondon :$bCollins,$c1968. 300 $a328 p. ;$c19 cm. 490 0 $aFontana religious 700 1 $aSchulz, Charles M. <1922-2000>.$0(OLS)http://semarc/name/19101 830 0$aFontana religious.$0(OLS)http://semarc/title/30555 850 $aSeMil 852 $aSeMil$W1$xVenegono$y1$m2X I 240$j5555$B5555$CSeMilBibl$Z2$F5555 $81 961 $aOmaggio: Serenthà don Mario 996 $6245$aThe parables of Peanuts$9(OLS)http://semarc/title/56086 996 $6260$aLondon :$bCollins$9(OLS)http://semarc/publisher/32390